• 首页
  • 本馆介绍
  • 公告通知
  • 最新文献
  • 馆藏检索
  • 电子资源
  • 读者导购
  • 参考咨询
  • 我的图书馆
  • 登录
  • 详细信息显示
  • 放入我的书架
  • 预约/预借图书
  • 作者相关作品
  • 分类相关作品
  • 丛书相关作品
  • 出版社相关作品

书目信息

  • 表格格式
  • 工作单格式
  • 卡片格式
题名:
北京会展业发展研究
    
 
作者: 文魁 , 储祥银 主编
分册:  
出版信息: 北京   首都经济贸易大学出版社  2006
页数: 255页
开本: 21cm
丛书名:
单 册:
中图分类: G245 , F299.271
科图分类:
主题词: 展览会--产业--经济发展--研究--北京市 , 展览会 , 产业 , 经济发展
电子资源:
ISBN: 7-5638-1370-5
000 01064nam0 2200301 450
001 003462317
005 20091208154623.18
010    @a7-5638-1370-5@dCNY22.00
100    @a20070625d2006 em y0chiy0110 ea
101 0  @achi
102    @aCN@b110000
105    @ay z 000yy
106    @ar
200 1  @a北京会展业发展研究@9bei jing hui zhan ye fa zhan yan jiu@f文魁,储祥银主编
210    @a北京@c首都经济贸易大学出版社@d2006
215    @a255页@d21cm
300    @a北京国际经济贸易学会主持
330    @a本书作者运用经济学、现代营销学的有关原理对会展经济发展中的诸多方面进行了系统研究与探索,其中有关会展经济、会展业国际竞争力等方面的研究在国内尚属首次,这既丰富了会展经济理论的研究内容,又为会展经济研究提供了大量素材和基础性研究方法。
606 0  @a展览会@x产业@x经济发展@x研究@y北京市
606 0  @a展览会
606 0  @a产业
606 0  @a经济发展
690    @aG245@v4
690    @aF299.271@v4
701  0 @a文魁@9wen kui@4主编
701  0 @a储祥银@9chu xiang yin@f(1952~)@4主编
801  0 @aCN@bNLC@c20091208
905    @b20795142-47@dG245@e10@f6
    
    北京会展业发展研究/文魁,储祥银主编.-北京:首都经济贸易大学出版社,2006
    255页;21cm
    北京国际经济贸易学会主持
    
    ISBN 7-5638-1370-5:CNY22.00
    本书作者运用经济学、现代营销学的有关原理对会展经济发展中的诸多方面进行了系统研究与探索,其中有关会展经济、会展业国际竞争力等方面的研究在国内尚属首次,这既丰富了会展经济理论的研究内容,又为会展经济研究提供了大量素材和基础性研究方法。
●
相关链接 在E读中查询图书 在五车中查询图书 在当当中查询图书 在豆瓣中查询图书


正题名:北京会展业发展研究     索取号:G245/10         预约/预借

序号 登录号 条形码 馆藏地/架位号 状态 备注
1 795142   207951420   第一样本阅览室/ [索取号:G245/10] 在馆    
2 795143   207951439   第四借阅区/ [索取号:G245/10] 在馆    
3 795144   207951448   第四借阅区/ [索取号:G245/10] 在馆    
4 795145   207951457   第四借阅区/ [索取号:G245/10] 在馆    
5 795146   207951466   第四借阅区/ [索取号:G245/10] 在馆    
6 795147   207951475   第四借阅区/ [索取号:G245/10] 在馆    
唐山师范学院图书馆 欢迎您!
大连网信软件有限公司© 版权所有